La educación de las niñas : (Registro nro. 8594)

000 -CABECERA
campo de control de longitud fija 00911nam a2200277 u 4500
001 - NÚMERO DE CONTROL
campo de control 000062337
005 - FECHA Y HORA DE LA ÚLTIMA TRANSACCIÓN
campo de control 20200120224230.0
008 - DATOS DE LONGITUD FIJA--INFORMACIÓN GENERAL
campo de control de longitud fija 140717s2009 ck a r 000 0 spa d
020 ## - NÚMERO INTERNACIONAL ESTÁNDAR DEL LIBRO
Número Internacional Estándar del Libro 9789583027161
041 0# - CÓDIGO DE LENGUA
Código de lengua del texto/banda sonora o título independiente Jspa
Código de lengua original eng
082 04 - NÚMERO DE LA CLASIFICACIÓN DECIMAL DEWEY
Número de edición 21
090 ## - LOCALMENTE ASIGNADO TIPO-LC NÚMERO DE CLASIFICACIÓN (OCLC); NÚMERO DE CLASIFICACIÓN LOCAL (RLIN)
Número de clasificación (OCLC) (R) ; Numero de clasificación, CALL (RLIN) (NR) JH
Número cutter local (OCLC) ; Número de libro/Signatura topográfica íntegra, CALL (RLIN) ROMANe
100 1# - ENTRADA PRINCIPAL--NOMBRE DE PERSONA
Nombre de persona Roman, Annette
245 13 - MENCIÓN DE TÍTULO
Título La educación de las niñas :
Resto del título lecciones de vida /
Mención de responsabilidad, etc. Annette Roman ; traducción de Felipe Estrada Prada.
250 ## - MENCIÓN DE EDICIÓN
Mención de edición 1a. ed.
260 ## - PUBLICACIÓN, DISTRIBUCIÓN, ETC.
Lugar de publicación, distribución, etc. Bogotá :
Nombre del editor, distribuidor, etc. Panamericana,
Fecha de publicación, distribución, etc. 2009.
300 ## - DESCRIPCIÓN FÍSICA
Extensión 42 p. :
Otras características físicas il. ;
Material acompañante/anejo 21 cm.
490 #0 - MENCIÓN DE SERIE
Mención de serie Mundo manga ;
Designación de volumen o secuencia 5
534 ## - NOTA SOBRE LA VERSIÓN ORIGINAL
Mención de título del original Titulo original : Girls education : life lessons
650 17 - PUNTO DE ACCESO ADICIONAL DE MATERIA--TÉRMINO DE MATERIA
Término de materia o nombre geográfico como elemento de entrada Tiras cómicas, historietas, etc.
Fuente del encabezamiento o término LEMB
650 27 - PUNTO DE ACCESO ADICIONAL DE MATERIA--TÉRMINO DE MATERIA
Término de materia o nombre geográfico como elemento de entrada Literatura juvenil
Fuente del encabezamiento o término LEMB
650 27 - PUNTO DE ACCESO ADICIONAL DE MATERIA--TÉRMINO DE MATERIA
Término de materia o nombre geográfico como elemento de entrada Educación en la literatura
Fuente del encabezamiento o término LEMB
650 27 - PUNTO DE ACCESO ADICIONAL DE MATERIA--TÉRMINO DE MATERIA
Término de materia o nombre geográfico como elemento de entrada Niños en la literatura
Fuente del encabezamiento o término LEMB
650 27 - PUNTO DE ACCESO ADICIONAL DE MATERIA--TÉRMINO DE MATERIA
Término de materia o nombre geográfico como elemento de entrada Aventuras en la literatura
Fuente del encabezamiento o término LEMB
700 1# - PUNTO DE ACCESO ADICIONAL--NOMBRE DE PERSONA
Nombre de persona Estrada Prada, Felipe
Término indicativo de función/relación traductor
Existencias
Estado de retiro Estado de pérdida Estado dañado No para préstamo Código de colección Localización permanente Ubicación/localización actual Fecha de adquisición Total de préstamos Signatura topográfica completa Código de barras Fecha visto por última vez Número de copia Precio válido a partir de Tipo de ítem Koha Nota pública
        Literatura Juvenil Biblioteca Pública San Juan Bosco Biblioteca Pública San Juan Bosco 20/01/2020   JHROMANeMOS006017 MOS006017140717 20/01/2020 ej.1 20/01/2020 Libro Quince días

© Todos los derechos reservados para la Biblioteca Pública Municipal San Juan Bosco, 2020
Secretaria de Cultura de Mosquera
Carrera 3 N° 10 Esquina Centro Cultural Barrio El Carmén Teléfono: 8270830 Ext: 34
Funcionando con KOHA
Contacto: Biblioteca Pública Municipal San Juan Bosco/ bibliotecasanjuanbosco@mosquera-cundinamarca.gov.co
Mosquera, Cundinamarca